| 000 | 00559nam a2200157 4500 | ||
|---|---|---|---|
| 999 |
_c15920 _d15920 |
||
| 008 | 201217b ||||| |||| 00| 0 eng d | ||
| 022 | _a0732-8435 | ||
| 082 | _aDPer 657.05 C33 Sept - Mar 2015, v. 85 - 86 | ||
| 100 |
_aGeller, Sheldon M. _942718 |
||
| 245 |
_aInvestment policy statements: _blegal and practical considerations/ _cSheldon M. Geller. |
||
| 260 |
_aNew York: _bThe New York State Society of CPA, _c©2015. |
||
| 300 |
_av86 n1, pages 70-71: _billustrations; _c28 cm. |
||
| 650 |
_aInvestments. _942693 |
||
| 650 |
_a _942712 |
||
| 942 |
_2ddc _cPER |
||